| Tag |
First Indicator |
Second Indicator |
Subfields |
| LEADER |
00000cam a2200000 i 4500 |
| 001 |
in00000078398 |
| 005 |
20151008052809.0 |
| 008 |
770716r1947 enka 00010 engmd |
| 035 |
|
|
|a (OCoLC)03119458
|
| 035 |
|
|
|9 AAH4920AM
|
| 040 |
|
|
|a ABC
|c ABC
|d TXA
|d UtOrBLW
|
| 049 |
|
|
|a TXAM
|c [175702]
|
| 050 |
0 |
0 |
|a HE151
|b .B63 1947
|
| 082 |
0 |
|
|a 385
|
| 092 |
|
|
|a 385
|b B699e, 1947
|
| 100 |
1 |
|
|a Bonavia, Michael Robert.
|
| 245 |
1 |
4 |
|a The economics of transport /
|c by Michael R. Bonavia ; with an introduction by C. W. Guillebaud.
|
| 250 |
|
|
|a New ed., reset.
|
| 264 |
|
1 |
|a London :
|b Nisbet,
|c 1947.
|
| 300 |
|
|
|a xvi, 202 pages :
|b illustrations ;
|c 19 cm.
|
| 336 |
|
|
|a text
|b txt
|2 rdacontent
|
| 337 |
|
|
|a unmediated
|b n
|2 rdamedia
|
| 338 |
|
|
|a volume
|b nc
|2 rdacarrier
|
| 490 |
0 |
|
|a Cambridge economic handbooks ;
|v ix
|
| 650 |
|
0 |
|a Transportation.
|
| 650 |
|
0 |
|a Transportation
|z Great Britain.
|
| 999 |
|
|
|a MARS
|
| 999 |
f |
f |
|s a2a3a8f7-3993-34f1-b0d1-b8b238ad97c5
|i ea8efad6-7add-30a7-9584-9cad36576025
|t 0
|
| 952 |
f |
f |
|p ric
|a Texas A&M University
|b Rellis Campus
|c Joint Library Facility
|d Remote Storage
|t 0
|e HE151 .B63 1947
|h Library of Congress classification
|i unmediated -- volume
|m A14800877519
|
| 998 |
f |
f |
|a HE151 .B63 1947
|t 0
|l Remote Storage
|